Another year /

A married couple who have managed to remain blissfully happy into their autumn years are surrounded over the course of the four seasons of one average year by friends, colleagues, and family who all seem to suffer some degree of unhappiness.

Bibliographic Details
Uniform Title:Another year (Motion picture)
Corporate Authors: Sony Pictures Home Entertainment (Firm), Sony Pictures Classics (Firm), Focus Features International (Firm), UK Film Council, FilmFour (Firm)
Other Authors: Broadbent, Jim, Manville, Lesley, Sheen, Ruth, Wight, Peter, 1950-, Maltman, Oliver, Yershon, Gary, Leigh, Mike, 1943-, Lowe, Georgina
Format: Video Blu-ray Disc
Language:English
French
Language Notes:Soundtrack in English or French with optional subtitles in English or French. English subtitles for the deaf and hard of hearing.
Published: Culver City, Calif. : Sony Pictures Home Entertainment, [2011]
Edition:Widescreen.
Subjects:

MARC

Tag First Indicator Second Indicator Subfields
LEADER 00000cgm a2200000Ka 4500
001 in00004163421
005 20200420142133.0
007 vd csaizu
008 110602p20112010cau130 g vleng d
019 |a 1003110970  |a 1053333248  |a 1059212792  |a 1062808644 
024 1 |a 043396379565 
028 4 2 |a 37956 
035 |a (OCoLC)ocn728150014 
035 |a (OCoLC)728150014  |z (OCoLC)1003110970  |z (OCoLC)1053333248  |z (OCoLC)1059212792  |z (OCoLC)1062808644 
040 |a GO9  |b eng  |c GO9  |d GO3  |d OCLCA  |d EINCP  |d IVY  |d OCLCA  |d OCLCQ  |d OCLCF  |d OCLCO  |d OCLCA  |d OCL  |d OCLCO  |d OCLCQ  |d OCLCO  |d DCB  |d PAZ  |d OCLCO  |d GILDS  |d INT  |d OCLCQ  |d WYU  |d OCLCO  |d FUI  |d OCLCO  |d OCLCA  |d TXA  |d UtOrBLW 
041 1 |a eng  |a fre  |j eng  |j fre  |h eng 
043 |a n-us--- 
049 |a TXAM 
050 4 |a PN1997.2  |b .A668 2011b 
090 |a PN1997.2  |b .A556 2011b 
092 |a Blu-ray  |b Anoth 
130 0 |a Another year (Motion picture)  |0 http://id.loc.gov/authorities/names/no2011178266 
245 1 0 |a Another year /  |c a Sony Pictures Classics release, Focus Features International, UK Film Council & Film4 present ; produced by Georgina Lowe ; written and directed by Mike Leigh. 
250 |a Widescreen. 
264 1 |a Culver City, Calif. :  |b Sony Pictures Home Entertainment,  |c [2011] 
264 4 |c ©2011 
300 |a 1 videodisc (approximately 130 min.) :  |b sound, color ;  |c 4 3/4 in. 
336 |a two-dimensional moving image  |b tdi  |2 rdacontent 
337 |a video  |b v  |2 rdamedia 
338 |a videodisc  |b vd  |2 rdacarrier 
344 |a digital  |b optical  |2 rda 
347 |a video file  |b Blu-ray  |e region 1  |2 rda 
538 |a Blu-ray; 5.1 DTS-HD MA; 1080p High Definition; region A; widescreen. 
538 |a This Blu-ray disc will not play in standard DVD players. 
538 |a BD Live features require an Internet connection. 
546 |a Soundtrack in English or French with optional subtitles in English or French. English subtitles for the deaf and hard of hearing. 
511 1 |a Jim Broadbent, Lesley Manville, Ruth Sheen, Peter Wight, Oliver Maltman, David Bradley, Karina Fernandez, Martin Savage, Michele Austin, Phil Davis, Stuart McQuarrie, Imelda Staunton. 
508 |a Cinematography, Dick Pope ; film editor, Jon Gregory ; music composed by Gary Yershon. 
500 |a Originally produced as a feature film in 2010. 
521 8 |a MPAA Rating: PG-13 for "some language." 
520 |a A married couple who have managed to remain blissfully happy into their autumn years are surrounded over the course of the four seasons of one average year by friends, colleagues, and family who all seem to suffer some degree of unhappiness. 
500 |a Includes special features. 
500 |a Videorecording. 
650 0 |a Married people  |v Drama.  |0 http://id.loc.gov/authorities/subjects/sh2008107246 
650 0 |a Happiness  |v Drama. 
650 0 |a Friendship  |v Drama.  |0 http://id.loc.gov/authorities/subjects/sh2009125590 
650 7 |a Friendship.  |2 fast  |0 (OCoLC)fst00935174 
650 7 |a Happiness.  |2 fast  |0 (OCoLC)fst00951160 
650 7 |a Married people.  |2 fast  |0 (OCoLC)fst01010656 
655 7 |a Comedy films.  |2 fast  |0 (OCoLC)fst01710291 
655 7 |a Drama.  |2 fast  |0 (OCoLC)fst01423879 
655 7 |a Feature films.  |2 fast  |0 (OCoLC)fst01710384 
655 7 |a Video recordings for the hearing impaired.  |2 fast  |0 (OCoLC)fst01710450 
655 7 |a Comedy films.  |2 lcgft  |0 http://id.loc.gov/authorities/genreForms/gf2011026147 
655 7 |a Feature films.  |2 lcgft  |0 http://id.loc.gov/authorities/genreForms/gf2011026247 
655 7 |a Fiction films.  |2 lcgft  |0 http://id.loc.gov/authorities/genreForms/gf2011026250 
655 7 |a Video recordings for the hearing impaired.  |2 lcgft  |0 http://id.loc.gov/authorities/genreForms/gf2011026725 
655 7 |a Drama.  |2 lcgft  |0 http://id.loc.gov/authorities/genreForms/gf2014026297 
700 1 |a Broadbent, Jim.  |0 http://id.loc.gov/authorities/names/no00064267 
700 1 |a Manville, Lesley.  |0 http://id.loc.gov/authorities/names/no00064266 
700 1 |a Sheen, Ruth.  |0 http://id.loc.gov/authorities/names/no99057641 
700 1 |a Wight, Peter,  |d 1950-  |0 http://id.loc.gov/authorities/names/nr2005009448 
700 1 |a Maltman, Oliver.  |0 http://id.loc.gov/authorities/names/no2009153313 
700 1 |a Yershon, Gary.  |0 http://id.loc.gov/authorities/names/no2005021002 
700 1 |a Leigh, Mike,  |d 1943-  |0 http://id.loc.gov/authorities/names/n80061658 
700 1 |a Lowe, Georgina.  |0 http://id.loc.gov/authorities/names/no2002011413 
710 2 |a Sony Pictures Home Entertainment (Firm)  |0 http://id.loc.gov/authorities/names/no2005068937 
710 2 |a Sony Pictures Classics (Firm)  |0 http://id.loc.gov/authorities/names/no97061496 
710 2 |a Focus Features International (Firm)  |0 http://id.loc.gov/authorities/names/no2010018095 
710 2 |a UK Film Council.  |0 http://id.loc.gov/authorities/names/no2004014880 
710 2 |a FilmFour (Firm)  |0 http://id.loc.gov/authorities/names/no2002030478 
994 |a C0  |b TXA 
948 |a cataloged  |b h  |c 2020/01/24  |d c  |e blrosas  |f 11:59:31 am 
999 f f |s 475211a7-94da-3be0-93e7-aaeccbeaffbc  |i 4d8d4b59-6c3a-3edc-9506-1e978b0f9733  |t 0 
952 f f |p bluray  |a Texas A&M University  |b College Station  |c Sterling C. Evans Library  |d Evans: Media and Reserves (Annex 1st floor)  |t 0  |e PN1997.2 .A556 2011b  |h Library of Congress classification  |i video -- videodisc  |m A14839658049 
998 f f |a PN1997.2 .A556 2011b  |t 0  |l Evans: Media and Reserves (Annex 1st floor)